000 00527nam a22000977a 4500
008 190321b xxu||||| |||| 00| 0 eng d
010 _aHCMAF108B
245 _aHIGH COURT (COMMERCIAL DIVISION) MISCELLANEOUS APPLICATION 1.STANBIC BANK OF UGANDA LTD.2.BARCLAYS BANK OF UGANDA LTD 3.CENTENARY RURAL DEVT. BANK LTD.4.STANDARD CHARTERED BANK LTD VS THE ATTORNEY GENERAL
260 _c2011
500 _3BEFORE: HON.LADY JUSTICE IRENE MULYAGONJA KAKOOZA
_aTHE JUDICATURE( JUDICIAL REVIEW RULES) SI 11 OF 2009 APPLICATION FOR JUDICIAL REVIEW
999 _c8590
_d8590